000 00566nam a22001577a 4500
005 20120321121824.0
020 _c90.00
035 _aB-10367
037 _aDPL
_bENG
100 _aPrashant Kumar
_944050
245 _aVerbal ability and reasoning :
_b100 sets of full length test papers /
_cby Prashant Kumar
260 _aNew Delhi
_bCosmos Bookhive (P) Ltd.
300 _a170p.
_c32 cms.
942 _2ddc
_cEN
_h158.93
_mPRA
999 _c64212
_d64212